000 00602nam a2200193Ia 4500
003 GCL
008 140319s9999 xx 000 0 ara d
040 _aGCL /
_cGCL
082 0 4 _a415.1,
_bا ن
100 1 _aاحمد سليمان ياقوت
245 1 0 _a"النواسخ العقلية والحرفية ""دراسة تحليلية مقارنة""" /
_cاحمد سليمان ياقوت
260 _a[S.N] :
_bدار المعارف ،
_c1984
490 _a
650 0 4 _aالنحو
650 0 4 _aاللغة العربية
650 0 4 _aالصرف
650 0 4 _aالتعريب
942 _2ddc
_cBK
999 _c27539
_d27539